Lo lúdico, lo visceral, en su imaginería : (Record no. 2625)
[ view plain ]
| 000 -CABECERA | |
|---|---|
| campo de control de longitud fija | 00922cam a2200265 a 4500 |
| 001 - NÚMERO DE CONTROL | |
| campo de control | 000002791 |
| 005 - FECHA Y HORA DE LA ÚLTIMA TRANSACCIÓN | |
| campo de control | 20200929150245.0 |
| 008 - DATOS DE LONGITUD FIJA--INFORMACIÓN GENERAL | |
| campo de control de longitud fija | 020505s2000 mx 000 0bspa |
| 010 ## - NÚMERO DE CONTROL DE LA BIBLIOTECA DEL CONGRESO | |
| Número de control de LC | 2002407198 |
| 020 ## - NÚMERO INTERNACIONAL ESTÁNDAR DEL LIBRO | |
| Número Internacional Estándar del Libro | 9706920501 |
| 040 ## - FUENTE DE LA CATALOGACIÓN | |
| Centro catalogador/agencia de origen | DO-SdBNP |
| Centro/agencia transcriptor | DLC |
| Centro/agencia modificador | DLC |
| 082 ## - NÚMERO DE LA CLASIFICACIÓN DECIMAL DEWEY | |
| Número de clasificación | 868.992 |
| Número de documento/Ítem | K918l |
| 100 1# - ENTRADA PRINCIPAL--NOMBRE DE PERSONA | |
| Nombre de persona | Krauze, Ethel, |
| Fechas asociadas al nombre | 1954- |
| 9 (RLIN) | 8809 |
| 245 13 - MENCIÓN DE TÍTULO | |
| Título | Lo lúdico, lo visceral, en su imaginería : |
| Resto del título | entrevista con Ethel Krauze / |
| Mención de responsabilidad, etc. | Socorro Arce, coordinadora ; Rocio Aceves ... [et al.]. |
| 246 3# - FORMA VARIANTE DE TÍTULO | |
| Título propio/Titulo breve | Lo ludico, lo visceral, en su imagineria |
| 250 ## - MENCIÓN DE EDICIÓN | |
| Mención de edición | 1. ed. |
| 260 ## - PUBLICACIÓN, DISTRIBUCIÓN, ETC. | |
| Lugar de publicación, distribución, etc. | Colima, México : |
| Nombre del editor, distribuidor, etc. | Universidad de Colima, |
| Fecha de publicación, distribución, etc. | 2000. |
| 300 ## - DESCRIPCIÓN FÍSICA | |
| Extensión | 111 p. ; |
| Dimensiones | 21 cm. |
| 440 #0 - MENCIÓN DE SERIE/PUNTO DE ACCESO ADICIONAL--TÍTULO | |
| Título | Voz de tinta |
| 9 (RLIN) | 8810 |
| 600 14 - PUNTO DE ACCESO ADICIONAL DE MATERIA--NOMBRE DE PERSONA | |
| Nombre de persona | KRAUZE, ETHEL, |
| Fechas asociadas al nombre | 1954- |
| Subdivisión de forma | ENTREVISTAS |
| 9 (RLIN) | 8811 |
| 650 #0 - PUNTO DE ACCESO ADICIONAL DE MATERIA--TÉRMINO DE MATERIA | |
| Término de materia o nombre geográfico como elemento de entrada | Autores mexicanos |
| Subdivisión cronológica | SIGLO 21 |
| Subdivisión de forma | ENTREVISTAS |
| 9 (RLIN) | 8812 |
| 700 1# - PUNTO DE ACCESO ADICIONAL--NOMBRE DE PERSONA | |
| Nombre de persona | Arce, Socorro. |
| 9 (RLIN) | 8813 |
| 700 1# - PUNTO DE ACCESO ADICIONAL--NOMBRE DE PERSONA | |
| Nombre de persona | Aceves, Rocio. |
| 9 (RLIN) | 8814 |
| 910 ## - DATOS DE OPCIÓN DEL USUARIO (OCLC) | |
| Datos de opción del usuario | Catalogación por copia / LC |
| Estado de retiro | Estado de pérdida | Restricciones de uso | No para préstamo | Código de colección | Localización permanente | Ubicación/localización actual | Ubicación en estantería | Fecha de adquisición | Número de inventario | Total de préstamos | Signatura topográfica completa | Código de barras | Fecha visto por última vez | Precio válido a partir de | Tipo de ítem Koha |
|---|---|---|---|---|---|---|---|---|---|---|---|---|---|---|---|
| Préstamo interno | Monografías: Libros y Folletos | General | General | En catalogación | 20.07.2009 | LF1 | 868.992 K918l | 2791-10 | 25.06.2020 | 25.06.2020 | Préstamo interno |
